Animal action ABC / (Record no. 6597)
[ view plain ]
| 000 -LEADER | |
|---|---|
| fixed length control field | 01318pam a2200361 a 4500 |
| 001 - CONTROL NUMBER | |
| control field | 6597 |
| 003 - CONTROL NUMBER IDENTIFIER | |
| control field | FISKH |
| 005 - DATE AND TIME OF LATEST TRANSACTION | |
| control field | 20250526155452.0 |
| 008 - FIXED-LENGTH DATA ELEMENTS--GENERAL INFORMATION | |
| fixed length control field | 960325s1996 nyua b 000 0 eng |
| 010 ## - LIBRARY OF CONGRESS CONTROL NUMBER | |
| LC control number | 96014191 |
| 020 ## - INTERNATIONAL STANDARD BOOK NUMBER | |
| International Standard Book Number | 0525454861 (hc) |
| 040 ## - CATALOGING SOURCE | |
| Original cataloging agency | DLC |
| Transcribing agency | DLC |
| Modifying agency | DLC |
| Language of cataloging | eng |
| 050 ## - LIBRARY OF CONGRESS CALL NUMBER | |
| Classification number | QL49 .P2535 |
| 082 ## - DEWEY DECIMAL CLASSIFICATION NUMBER | |
| Classification number | 591 |
| 100 1# - MAIN ENTRY--PERSONAL NAME | |
| Personal name | Pandell, Karen. |
| 245 10 - TITLE STATEMENT | |
| Title | Animal action ABC / |
| Statement of responsibility, etc. | by Karen Pandell ; wildlife photography by Art Wolfe ; child photography by Nancy Sheehan. |
| 250 ## - EDITION STATEMENT | |
| Edition statement | First Scholastic printing, September 1998 |
| 260 ## - PUBLICATION, DISTRIBUTION, ETC. | |
| Place of publication, distribution, etc. | New York : |
| Name of publisher, distributor, etc. | Schoalstic, |
| Date of publication, distribution, etc. | 1996. |
| 300 ## - PHYSICAL DESCRIPTION | |
| Extent | 36 unnumbered pages : |
| Other physical details | color illustraions ; |
| Dimensions | 26 cm |
| 505 ## - FORMATTED CONTENTS NOTE | |
| Formatted contents note | NP<br/> |
| 520 ## - SUMMARY, ETC. | |
| Summary, etc. | Photographs of animals and children in similar poses accompany rhyming verses beginning with each letter of the alphabet that describe movements of a wide range of animals. |
| 521 8# - TARGET AUDIENCE NOTE | |
| Target audience note | NP<br/> |
| Source | Lexile <br/> |
| 650 #0 - SUBJECT ADDED ENTRY--TOPICAL TERM | |
| Topical term or geographic name entry element | Animals |
| General subdivision | Juvenile literature. |
| 650 #0 - SUBJECT ADDED ENTRY--TOPICAL TERM | |
| Topical term or geographic name entry element | Animal mechanics |
| General subdivision | Juvenile literature. |
| 650 #0 - SUBJECT ADDED ENTRY--TOPICAL TERM | |
| Topical term or geographic name entry element | English language |
| General subdivision | Alphabet |
| -- | Juvenile literature. |
| 650 #1 - SUBJECT ADDED ENTRY--TOPICAL TERM | |
| Topical term or geographic name entry element | Animals |
| General subdivision | Miscellanea. |
| 650 #1 - SUBJECT ADDED ENTRY--TOPICAL TERM | |
| Topical term or geographic name entry element | Alphabet. |
| 700 1# - ADDED ENTRY--PERSONAL NAME | |
| Personal name | Wolfe, Art, |
| Relator term | illustrator |
| 700 1# - ADDED ENTRY--PERSONAL NAME | |
| Personal name | Sheehan, Nancy, |
| Relator term | illustrator |
| 906 ## - LOCAL DATA ELEMENT F, LDF (RLIN) | |
| a | 7 |
| b | cbc |
| c | orignew |
| d | 1 |
| e | ocip |
| f | 19 |
| g | y-gencatlg |
| 942 ## - ADDED ENTRY ELEMENTS (KOHA) | |
| Source of classification or shelving scheme | Dewey Decimal Classification |
| Koha item type | Books |
| Suppress in OPAC | No |
| Withdrawn status | Lost status | Source of classification or shelving scheme | Damaged status | Not for loan | Collection | Home library | Current library | Shelving location | Date acquired | Total Checkouts | Full call number | Barcode | Date last seen | Copy number | Price effective from | Koha item type |
|---|---|---|---|---|---|---|---|---|---|---|---|---|---|---|---|---|
| Dewey Decimal Classification | Juvenile Fiction | Footprints International School Library Network Toul Kork Campus | Footprints International School Library Network Toul Kork Campus | TK Primary Library Room(4th Floor), Bookcase 7, Shelves 57-60, Dark Green Books | 05/13/2025 | PAN 591 QL49 .P2535 | FISBK05222 | 05/13/2025 | 1 | 05/13/2025 | Books | |||||
| Dewey Decimal Classification | Juvenile Fiction | Footprints International School Library Network Toul Kork Campus | Footprints International School Library Network Toul Kork Campus | TK Primary Library Room(4th Floor), Bookcase 7, Shelves 57-60, Dark Green Books | 05/13/2025 | PAN 591 QL49 .P2535 | FISBK05198 | 05/26/2025 | 2 | 05/13/2025 | Books |
